000 01074nam a2200205 a 4500
008 060316s1982 ||||||||||||||||| || u
020 _a0256024375
050 _aHF 5415.2 Pet
100 _aPeterson, Robert A
245 1 0 _aMarketing research
260 _aPlano, Tex. :
_bBusiness Publications
_c1982
300 _axvi, 679 p. : ill.
350 _a0.00
500 _aIncludes bibliographies
650 0 _aMARKETING RESEARCH
995 _aANNEX COLLECTION (Main Library)
_D0.00
_e711330
_FCBU-MAIN LIBRARY (Kitwe)
_H2
_I40.00
_jHF 5415.2 Pet
_UAVAILABLE
_y005697
_ZAnnex Low-Usage Collection
995 _aMAIN LIBRARY OPEN ACCESS
_D0.00
_e713150
_FCBU-MAIN LIBRARY (Kitwe)
_H4
_I40.00
_jHF 5415.2 Pet
_M1
_UAVAILABLE
_y005695
_ZMain Library Open Access Collection
995 _aMAIN LIBRARY OPEN ACCESS
_D0.00
_e005696
_FCBU-MAIN LIBRARY (Kitwe)
_H1
_I40.00
_jHF 5415.2 Pet
_UAVAILABLE
_y005696
_ZMain Library Open Access Collection
995 _aANNEX COLLECTION (Main Library)
_D0.00
_e711329
_FCBU-MAIN LIBRARY (Kitwe)
_H3
_I40.00
_jHF 5415.2 Pet
_UAVAILABLE
_y005694
_ZAnnex Low-Usage Collection
999 _c82671
_d82671